000 00291nam a22001217a 4500
041 _aENG
100 _aArora. D
245 _aBiotech's Dictionary Agriculture Engineering
260 _aDelhi
_bBiotech Books
_c2005
300 _a328
650 _aCompetitive Exam
856 _uCompetitive Exam
999 _c699
_d699